[Event "POL-chT U19 2nd League"]
[Site "Iwonicz"]
[Date "2015.08.01"]
[Round "4.95"]
[White "Kaszok, Weronika"]
[Black "Mielczarek, Joanna"]
[Result "1/2-1/2"]
[WhiteElo "1390"]
[BlackElo "1517"]
[PlyCount "85"]
[EventDate "2015.07.25"]
[EventType "team-swiss"]
[EventRounds "11"]
[EventCountry "POL"]
[SourceTitle "EXT 2019"]
[Source "ChessBase"]
[SourceDate "2018.10.10"]
[SourceVersion "1"]
[SourceVersionDate "2018.10.10"]
[SourceQuality "1"]
[WhiteTeam "Pszczyna PSSz U19"]
[BlackTeam "Czestochowa UKS Hetman U19"]
[WhiteTeamCountry "POL"]
[BlackTeamCountry "POL"]

1. e4 e5 2. Nf3 Nc6 3. Bb5 Nge7 4. 0-0 g6 5. c3 a6 6. Bc4 b5 7. Bb3 Bg7 8. d4 exd4 9. cxd4 d6 10. Be3 Bg4 11. h3 Bxf3 12. Qxf3 0-0 13. Rd1 Na5 14. Nd2 Nec6 15. Bd5 Rc8 16. Nb3 Nxb3 17. axb3 Qd7 18. e5 Nb4 19. Bb7 Rb8 20. Bxa6 Rb6 21. Bb7 c6 22. Ba8 Nc2 23. d5 c5 24. Bc6 Qc7 25. exd6 Qxd6 26. Ra5 Nxe3 27. Qxe3 Rxc6 28. Rxb5 Rc7 29. Rd2 Bd4 30. Qf3 Rd8 31. b4 Qxd5 32. Qxd5 Rxd5 33. bxc5 Bxf2+ 34. Rxf2 Rdxc5 35. Rb8+ Kg7 36. b4 Rc1+ 37. Kh2 Rb1 38. b5 f5 39. Rd2 Kf6 40. b6 Rc6 41. b7 Rcb6 42. Rd7 h5 43. Rh7 1/2-1/2

[Event "POL-chT U19 2nd League"]
[Site "Iwonicz"]
[Date "2015.08.01"]
[Round "8.95"]
[White "Mielczarek, Joanna"]
[Black "Jurkiewicz, Zuzanna"]
[Result "1-0"]
[WhiteElo "1517"]
[BlackElo "1473"]
[PlyCount "65"]
[EventDate "2015.07.25"]
[EventType "team-swiss"]
[EventRounds "11"]
[EventCountry "POL"]
[SourceTitle "EXT 2019"]
[Source "ChessBase"]
[SourceDate "2018.10.10"]
[SourceVersion "1"]
[SourceVersionDate "2018.10.10"]
[SourceQuality "1"]
[WhiteTeam "Czestochowa UKS Hetman U19"]
[BlackTeam "Brzozow UKS SP 1 U19"]
[WhiteTeamCountry "POL"]
[BlackTeamCountry "POL"]

1. Nf3 d5 2. d4 Nf6 3. g3 g6 4. Bg2 Bg7 5. 0-0 0-0 6. c4 c6 7. Nc3 h6 8. cxd5 cxd5 9. b3 Nc6 10. Bb2 Be6 11. Re1 Ne4 12. Nxe4 dxe4 13. Ne5 Nxe5 14. dxe5 Bf5 15. Qd4 Qxd4 16. Bxd4 Rfd8 17. e3 Rd5 18. f4 b6 19. Rac1 Rd7 20. Bf1 Rad8 21. Bb5 Rb7 22. Ba6 Rbd7 23. Rc6 Bf8 24. Rec1 Be6 25. Bc8 Rxd4 26. exd4 Bxc8 27. Rxc8 Rxd4 28. Ra8 e3 29. Kf1 f6 30. Rcc8 Rd1+ 31. Ke2 Rd2+ 32. Kxe3 Rxa2 33. e6 1-0

[Event "POL-chT U19 2nd League"]
[Site "Iwonicz"]
[Date "2015.08.01"]
[Round "9.89"]
[White "Strzalka, Monika"]
[Black "Mielczarek, Joanna"]
[Result "0-1"]
[WhiteElo "1175"]
[BlackElo "1517"]
[PlyCount "84"]
[EventDate "2015.07.25"]
[EventType "team-swiss"]
[EventRounds "11"]
[EventCountry "POL"]
[SourceTitle "EXT 2019"]
[Source "ChessBase"]
[SourceDate "2018.10.10"]
[SourceVersion "1"]
[SourceVersionDate "2018.10.10"]
[SourceQuality "1"]
[WhiteTeam "Malopolski Skoczek Sedziszow U19"]
[BlackTeam "Czestochowa UKS Hetman U19"]
[WhiteTeamCountry "POL"]
[BlackTeamCountry "POL"]

1. c4 Nf6 2. Nc3 d6 3. g3 g6 4. Bg2 Bg7 5. Nf3 0-0 6. 0-0 c5 7. d4 cxd4 8. Nxd4 Qc7 9. b3 a6 10. Ne4 Nbd7 11. Nxf6+ Bxf6 12. Bh6 Rd8 13. Rc1 Qb6 14. Nc2 a5 15. Ne3 e6 16. Ng4 Bg7 17. Qd2 Qd4 18. Qxd4 Bxd4 19. Rfd1 Bc5 20. Bg5 Re8 21. Nf6+ Nxf6 22. Bxf6 Rb8 23. Kf1 Bd7 24. f4 a4 25. e4 Ba3 26. Rc2 axb3 27. axb3 b5 28. e5 bxc4 29. bxc4 Ba4 30. Rdd2 Rb1+ 31. Ke2 Bxc2 32. Rxc2 dxe5 33. Bxe5 Bc5 34. Bc6 Rd8 35. Ra2 Rc1 36. Bb5 Rh1 37. Kf3 Rd3+ 38. Kg4 f5+ 39. Kg5 Be7+ 40. Kh6 Rxg3 41. Ra8+ Bf8+ 42. Rxf8+ Kxf8 0-1

[Event "Rewal op-B 18th"]
[Site "Rewal"]
[Date "2013.08.22"]
[Round "3"]
[White "Mielczarek, Joanna"]
[Black "Kostanski, Marcin"]
[Result "0-1"]
[WhiteElo "1509"]
[BlackElo "1930"]
[PlyCount "118"]
[EventDate "2013.08.20"]
[EventType "swiss"]
[EventRounds "9"]
[EventCountry "POL"]
[SourceTitle "CBM 156 Extra"]
[Source "ChessBase"]
[SourceDate "2013.10.22"]
[SourceVersion "1"]
[SourceVersionDate "2013.10.22"]
[SourceQuality "1"]

1. e4 c5 2. Nf3 d6 3. d4 cxd4 4. Nxd4 Nf6 5. Nc3 a6 6. Be2 e5 7. Nb3 Be7 8. Be3 b5 9. a3 Bb7 10. Bf3 Nbd7 11. 0-0 Nb6 12. Na5 Qc7 13. Nxb7 Qxb7 14. Bxb6 Qxb6 15. Nd5 Nxd5 16. Qxd5 0-0 17. Bg4 Ra7 18. c3 Rc7 19. Qb3 Rc4 20. Rfe1 d5 21. Be2 Rxe4 22. Qxd5 Rf4 23. Bf3 Bf6 24. Rad1 h6 25. Qc6 Qa5 26. Rd6 Qa4 27. Qxa6 Qb3 28. Rd2 Rxf3 29. gxf3 Bg5 30. Rde2 Bf4 31. Qd6 Re8 32. Rd1 Re6 33. Qd5 Rg6+ 34. Kh1 Qa4 35. Qd8+ Kh7 36. Qd3 Kg8 37. Rg1 Rf6 38. Qd8+ Kh7 39. Qf8 Bg5 40. Qb4 Qa7 41. Qe4+ g6 42. Rg3 Bf4 43. Rg2 Qd7 44. Re1 Qd2 45. Qe2 Qd7 46. Rd1 Qh3 47. Rd3 Rf5 48. Rg3 Qh4 49. Qf1 e4 50. Rd7 exf3 51. Qh3 Bxg3 52. Qxg3 Qc4 53. Qg1 Qe2 54. b3 Qe6 55. Rd3 Qxb3 56. Qc1 Qc4 57. Rd4 Qe2 58. Rd2 Qe7 59. Rc2 Re5 0-1

[Event "Rewal op-B 18th"]
[Site "Rewal"]
[Date "2013.08.20"]
[Round "1"]
[White "Mielczarek, Joanna"]
[Black "Puroila, Sippo"]
[Result "1-0"]
[WhiteElo "1509"]
[BlackElo "1880"]
[PlyCount "113"]
[EventDate "2013.08.20"]
[EventType "swiss"]
[EventRounds "9"]
[EventCountry "POL"]
[SourceTitle "CBM 156 Extra"]
[Source "ChessBase"]
[SourceDate "2013.10.22"]
[SourceVersion "1"]
[SourceVersionDate "2013.10.22"]
[SourceQuality "1"]

1. e4 c5 2. Nf3 Nc6 3. d4 cxd4 4. Nxd4 Nf6 5. Nc3 e5 6. Ndb5 d6 7. Bg5 Be7 8. Bxf6 gxf6 9. Nd5 Kf8 10. Qd2 h5 11. 0-0-0 a6 12. Nbc7 Ra7 13. Nxe7 Kxe7 14. Nd5+ Ke8 15. Ne3 Ke7 16. Nc4 Nd4 17. c3 b5 18. Nxe5 dxe5 19. cxd4 Qxd4 20. Qxd4 exd4 21. Rxd4 Be6 22. b3 Rc7+ 23. Kb2 Rg8 24. g3 h4 25. Bd3 Rh8 26. Rf1 Bh3 27. Rc1 Rxc1 28. Kxc1 hxg3 29. hxg3 Bg4 30. Kd2 Rh1 31. Be2 Be6 32. Ke3 Ra1 33. Rd2 Re1 34. f4 Rc1 35. f5 Bd7 36. Kf4 Rc5 37. Bf3 Rc3 38. g4 Bc6 39. Bg2 Rc5 40. g5 fxg5+ 41. Kxg5 f6+ 42. Kg6 Re5 43. Rc2 Bd7 44. Rc7 b4 45. Rb7 a5 46. Rb6 Rc5 47. Rxf6 Rc2 48. Bf3 Rc3 49. Rf7+ Kd8 50. Bh5 Be8 51. Kf6 Rh3 52. Bg6 Bxf7 53. Kxf7 Re3 54. f6 Re2 55. Kg7 Rf2 56. e5 Rf4 57. e6 1-0

[Event "POL-ch U16 Girls"]
[Site "Szczyrk"]
[Date "2013.??.??"]
[Round "8"]
[White "Szczesniak, Zuzanna"]
[Black "Mielczarek, Joanna"]
[Result "0-1"]
[WhiteElo "1421"]
[BlackElo "1470"]
[PlyCount "136"]
[EventDate "2013.03.17"]
[EventType "swiss"]
[EventRounds "9"]
[EventCountry "POL"]
[SourceTitle "CBM 153 Extra"]
[Source "ChessBase"]
[SourceDate "2013.04.22"]
[SourceVersion "1"]
[SourceVersionDate "2013.04.22"]
[SourceQuality "1"]

1. e4 e5 2. Nf3 Nc6 3. Nc3 Nf6 4. d4 exd4 5. Nxd4 Bb4 6. Nxc6 Bxc3+ 7. bxc3 bxc6 8. Bd3 0-0 9. 0-0 h6 10. Bb2 d6 11. h3 c5 12. c4 Bb7 13. Qf3 Nh7 14. Qg3 Qg5 15. Qxg5 Nxg5 16. Rfe1 Rab8 17. Bc3 Bc6 18. e5 Ne6 19. exd6 cxd6 20. Be4 Bxe4 21. Rxe4 Ng5 22. Re2 f6 23. Rae1 Rb7 24. Re7 Rfb8 25. Rxb7 Rxb7 26. f3 Kf7 27. Kf2 Ne6 28. Rd1 Ke7 29. Ke3 Nd8 30. a3 Nc6 31. Kd3 Ne5+ 32. Bxe5 fxe5 33. Rf1 g5 34. h4 Ke6 35. hxg5 hxg5 36. Ke4 Rb2 37. Kd3 Ra2 38. Rh1 Rxa3+ 39. Ke4 Ra4 40. Rh6+ Ke7 41. Kd5 Ra6 42. Rg6 Ra1 43. Rxg5 Rd1+ 44. Kc6 a5 45. Rg7+ Ke6 46. Ra7 Rd2 47. g4 Rxc2 48. Rxa5 Rxc4 49. g5 Rd4 50. Ra1 Kf5 51. Rg1 Kg6 52. Kb5 Rd3 53. Kc4 Rd4+ 54. Kc3 d5 55. Re1 Kxg5 56. Rxe5+ Kf4 57. Re8 Kxf3 58. Rf8+ Ke3 59. Re8+ Re4 60. Rc8 d4+ 61. Kc2 d3+ 62. Kd1 Rf4 63. Re8+ Re4 64. Rc8 c4 65. Rc7 Kd4 66. Rd7+ Kc3 67. Rd6 Rg4 68. Ke1 Kc2 0-1

[Event "POL Region-ch U15 Girls"]
[Site "Szczyrk"]
[Date "2012.10.21"]
[Round "3.2"]
[White "Mielczarek, Joanna"]
[Black "Binkowska, Agata"]
[Result "1-0"]
[WhiteElo "1432"]
[BlackElo "1588"]
[PlyCount "101"]
[EventDate "2012.10.14"]
[EventType "tourn"]
[EventRounds "8"]
[EventCountry "POL"]
[SourceTitle "EXT 2023"]
[Source "ChessBase"]
[SourceDate "2022.10.05"]
[SourceVersion "1"]
[SourceVersionDate "2022.10.05"]
[SourceQuality "1"]

1. e4 e6 2. d4 d5 3. exd5 exd5 4. Bd3 Nc6 5. c3 Bd6 6. Be3 Nge7 7. Qc2 f5 8. Ne2 Rf8 9. Bf4 Be6 10. Nd2 Ng6 11. Bxd6 Qxd6 12. Nf3 0-0-0 13. 0-0-0 Bd7 14. g3 Nce7 15. Ng5 h6 16. Nh3 Qb6 17. Rde1 Qa5 18. Kb1 Rf6 19. Nhf4 Nf8 20. h4 Rb6 21. Nc1 Ne6 22. Nb3 Qa4 23. Nxe6 Bxe6 24. Nc5 Qxc2+ 25. Bxc2 Rdd6 26. Re5 Ng6 27. Rxe6 Rxe6 28. Nxe6 Rxe6 29. Bxf5 Kd7 30. Re1 Nf8 31. Bxe6+ Nxe6 32. Kc2 Kd6 33. Kd3 Nd8 34. f4 Nc6 35. Re3 Nb8 36. Re8 Nd7 37. Rg8 Nf6 38. Rxg7 Nh5 39. Rg6+ Ke7 40. Ke3 Nf6 41. Kf3 h5 42. f5 Kf7 43. Kf4 Ne4 44. Re6 Nf2 45. Kg5 Ne4+ 46. Rxe4 dxe4 47. Kf4 e3 48. Kxe3 Kf6 49. Kf4 a5 50. c4 a4 51. b3 1-0

[Event "POL Region-ch U15 Girls"]
[Site "Szczyrk"]
[Date "2012.10.21"]
[Round "8.4"]
[White "Mielczarek, Joanna"]
[Black "Kaszok, Weronika"]
[Result "1-0"]
[WhiteElo "1432"]
[BlackElo "1386"]
[PlyCount "33"]
[EventDate "2012.10.14"]
[EventType "tourn"]
[EventRounds "8"]
[EventCountry "POL"]
[SourceTitle "EXT 2023"]
[Source "ChessBase"]
[SourceDate "2022.10.05"]
[SourceVersion "1"]
[SourceVersionDate "2022.10.05"]
[SourceQuality "1"]

1. e4 e5 2. Nf3 Nc6 3. Bc4 Nf6 4. Nc3 Bc5 5. d3 d6 6. h3 h6 7. 0-0 0-0 8. Na4 Bb6 9. Nxb6 axb6 10. a3 Bd7 11. Be3 Re8 12. Nh2 Ne7 13. f4 c6 14. fxe5 dxe5 15. Bxh6 gxh6 16. Rxf6 Rf8 17. Qh5 1-0

[Event "POL-chT U19 2nd League"]
[Site "Borowice"]
[Date "2012.07.26"]
[Round "8"]
[White "Mielczarek, Joanna"]
[Black "Cieslak, Wiktoria"]
[Result "0-1"]
[WhiteElo "1483"]
[BlackElo "1393"]
[PlyCount "106"]
[EventDate "2012.07.21"]
[EventType "team-swiss"]
[EventRounds "11"]
[EventCountry "POL"]
[SourceTitle "EXT 2014"]
[Source "ChessBase"]
[SourceDate "2013.11.20"]
[SourceVersion "1"]
[SourceVersionDate "2013.11.20"]
[SourceQuality "1"]
[WhiteTeam "Czestochowa UKS Hetman U19"]
[BlackTeam "Pszczyna PSSz U19"]
[WhiteTeamCountry "POL"]
[BlackTeamCountry "POL"]

1. e4 d5 2. exd5 Nf6 3. Nc3 Nxd5 4. Nxd5 Qxd5 5. d4 g6 6. Nf3 Bg7 7. Be2 Nc6 8. Be3 Bf5 9. 0-0 0-0 10. Qd2 Rad8 11. Rfd1 Rfe8 12. Qc3 Rd7 13. Bc4 Qd6 14. Ng5 e6 15. Bb5 Red8 16. Bxc6 Qxc6 17. Qxc6 bxc6 18. c3 c5 19. Nf3 Bg4 20. Rd2 Bxf3 21. gxf3 cxd4 22. cxd4 c5 23. Rad1 cxd4 24. b3 Kf8 25. Bg5 f6 26. Be3 e5 27. Rd3 Ke7 28. Bd2 Rc8 29. Bb4+ Ke6 30. f4 Rdc7 31. fxe5 fxe5 32. Kg2 Rc1 33. Rxc1 Rxc1 34. a4 Rc6 35. f3 Kd5 36. Kg3 e4 37. Rd1 e3 38. Be1 Rc2 39. h3 Bf6 40. h4 h5 41. Rb1 d3 42. Kf4 d2 43. Rd1 Rc1 44. Bxd2 Rxd1 45. Bxe3 Bxh4 46. Bxa7 Rd3 47. a5 Rxb3 48. Bb6 Rb4+ 49. Ke3 Bg5+ 50. Kf2 Ra4 51. Ke2 h4 52. Bc7 Bf4 53. Bb6 h3 0-1

[Event "POL-chT U19 2nd League"]
[Site "Borowice"]
[Date "2012.07.24"]
[Round "5"]
[White "Kaczmarska, Joanna"]
[Black "Mielczarek, Joanna"]
[Result "1-0"]
[WhiteElo "1571"]
[BlackElo "1483"]
[PlyCount "56"]
[EventDate "2012.07.21"]
[EventType "team-swiss"]
[EventRounds "11"]
[EventCountry "POL"]
[SourceTitle "EXT 2014"]
[Source "ChessBase"]
[SourceDate "2013.11.20"]
[SourceVersion "1"]
[SourceVersionDate "2013.11.20"]
[SourceQuality "1"]
[WhiteTeam "Otwock UKS MDK U19"]
[BlackTeam "Czestochowa UKS Hetman U19"]
[WhiteTeamCountry "POL"]
[BlackTeamCountry "POL"]

1. d4 Nf6 2. c4 g6 3. Nc3 Bg7 4. e4 d6 5. Bg5 0-0 6. f4 h6 7. Bh4 c5 8. d5 Re8 9. Nf3 Qa5 10. Qd2 e6 11. Nb5 Qb6 12. Bxf6 Bxf6 13. dxe6 Rxe6 14. Be2 Bd7 15. f5 Rxe4 16. Nxd6 Re7 17. fxg6 fxg6 18. 0-0 Bd4+ 19. Nxd4 Qxd6 20. Bf3 Nc6 21. Bd5+ Kg7 22. Nf3 Rae8 23. Rf2 b6 24. b3 Be6 25. Bxc6 Qxc6 26. Qc2 Kh7 27. Ne5 Qc7 28. Nxg6 Kg7 1-0

[Event "Solina Mind Sports U14 Girls op "]
[Site "Solina"]
[Date "2012.04.20"]
[Round "8"]
[White "Kozaczynska, Aleksandra"]
[Black "Mielczarek, Joanna"]
[Result "1-0"]
[WhiteElo "1535"]
[BlackElo "1418"]
[PlyCount "95"]
[EventDate "2012.04.15"]
[EventType "swiss"]
[EventRounds "9"]
[EventCountry "POL"]
[SourceTitle "EXT 2014"]
[Source "ChessBase"]
[SourceDate "2013.11.20"]
[SourceVersion "1"]
[SourceVersionDate "2013.11.20"]
[SourceQuality "1"]

1. e4 e5 2. Nf3 Nc6 3. Bc4 Bc5 4. c3 Nf6 5. d3 a6 6. Bb3 Ba7 7. Bg5 d6 8. Nbd2 0-0 9. Nf1 Kh8 10. Ne3 Ne7 11. Bxf6 gxf6 12. d4 Ng6 13. g3 Qe8 14. Nd5 exd4 15. Nxc7 Qxe4+ 16. Qe2 Qxe2+ 17. Kxe2 d3+ 18. Kxd3 Bf5+ 19. Ke2 Rac8 20. Nd5 Rce8+ 21. Ne3 Be4 22. Rhd1 Bc5 23. Bd5 Bxd5 24. Rxd5 Ne5 25. b4 Bxe3 26. fxe3 Nc4 27. Rd3 b5 28. Nd2 Nxd2 29. Rxd2 Re6 30. a4 Rfe8 31. Rd3 Re5 32. axb5 axb5 33. Ra6 R8e6 34. Kd2 Kg7 35. Rdxd6 Rxe3 36. Rxe6 Rxe6 37. Ra5 Rb6 38. Kd3 f5 39. Kd4 Kf6 40. Kc5 Rb8 41. Rxb5 Rc8+ 42. Kd4 h5 43. c4 Kg5 44. Rd5 Kg4 45. b5 h4 46. gxh4 f4 47. Rg5+ Kxh4 48. Rg2 1-0

[Event "Solina Mind Sports U14 Girls op "]
[Site "Solina"]
[Date "2012.04.19"]
[Round "6"]
[White "Sokolowska, Anna"]
[Black "Mielczarek, Joanna"]
[Result "1/2-1/2"]
[WhiteElo "1512"]
[BlackElo "1418"]
[PlyCount "122"]
[EventDate "2012.04.15"]
[EventType "swiss"]
[EventRounds "9"]
[EventCountry "POL"]
[SourceTitle "EXT 2014"]
[Source "ChessBase"]
[SourceDate "2013.11.20"]
[SourceVersion "1"]
[SourceVersionDate "2013.11.20"]
[SourceQuality "1"]

1. e4 e5 2. Nf3 Nc6 3. Bc4 Bc5 4. d3 Nf6 5. c3 0-0 6. 0-0 d6 7. Be3 Bxe3 8. fxe3 Na5 9. Bb5 a6 10. Ba4 b5 11. Bc2 Bb7 12. Nbd2 Re8 13. Qe1 c5 14. Qh4 h6 15. Rf2 Qd7 16. h3 Nc6 17. Bb3 Ne7 18. Raf1 Ng6 19. Qg3 Re7 20. Nh4 Ree8 21. Nhf3 Re7 22. Nh4 Nxh4 23. Qxh4 d5 24. Qg3 Kh7 25. exd5 Bxd5 26. Bxd5 Qxd5 27. Qf3 Rd8 28. Nb3 Qxf3 29. Rxf3 Rc7 30. d4 exd4 31. exd4 c4 32. Nc5 Rc6 33. a4 Re8 34. axb5 axb5 35. Rb1 Kg8 36. b3 Ne4 37. Nxe4 Rxe4 38. bxc4 bxc4 39. Rb8+ Kh7 40. Rxf7 Re3 41. Rf3 Rd3 42. Rb1 Rc7 43. Kf1 Kg6 44. Rc1 Rf7 45. Rxf7 Kxf7 46. Rc2 Kg6 47. Ke2 Kf5 48. Ke1 Kg5 49. Rd2 Rxc3 50. d5 Re3+ 51. Kd1 Re7 52. d6 Rd7 53. Kc2 Kf6 54. Kc3 Ke6 55. Kxc4 Rxd6 56. Rxd6+ Kxd6 57. Kd4 Ke6 58. Ke4 Kf6 59. Kf4 g6 60. h4 Ke6 61. g3 Kf6 1/2-1/2

[Event "Solina Mind Sports U14 Girls op "]
[Site "Solina"]
[Date "2012.04.17"]
[Round "3"]
[White "Karleszko, Karolina"]
[Black "Mielczarek, Joanna"]
[Result "1-0"]
[WhiteElo "1589"]
[BlackElo "1418"]
[PlyCount "83"]
[EventDate "2012.04.15"]
[EventType "swiss"]
[EventRounds "9"]
[EventCountry "POL"]
[SourceTitle "EXT 2014"]
[Source "ChessBase"]
[SourceDate "2013.11.20"]
[SourceVersion "1"]
[SourceVersionDate "2013.11.20"]
[SourceQuality "1"]

1. d4 Nf6 2. c4 g6 3. Nc3 d5 4. Qb3 c6 5. cxd5 Nxd5 6. e4 Nxc3 7. bxc3 Bg7 8. Bc4 0-0 9. Nf3 c5 10. Be3 cxd4 11. cxd4 Nc6 12. Rd1 Na5 13. Qd3 Nxc4 14. Qxc4 b6 15. 0-0 Bg4 16. Qe2 Rc8 17. h3 Bxf3 18. Qxf3 Rc4 19. Qe2 Qc7 20. f4 Rc8 21. f5 Rc2 22. Qf3 Qd6 23. e5 Qc6 24. d5 Qe8 25. e6 f6 26. Rf2 Rxf2 27. Qxf2 Rd8 28. Qf3 Qa4 29. Rd2 Qb5 30. fxg6 hxg6 31. Qe4 f5 32. Qf3 Qb1+ 33. Kh2 Be5+ 34. Bf4 Qa1 35. Qg3 Bxf4 36. Qxf4 Rc8 37. d6 exd6 38. Qxd6 Qf6 39. Qd7 Ra8 40. Re2 Qg5 41. e7 Qf4+ 42. g3 1-0

[Event "Solina Mind Sports U14 Girls op "]
[Site "Solina"]
[Date "2012.04.17"]
[Round "4"]
[White "Mielczarek, Joanna"]
[Black "Maciak, Gabriela"]
[Result "1-0"]
[WhiteElo "1418"]
[BlackElo "1509"]
[PlyCount "43"]
[EventDate "2012.04.15"]
[EventType "swiss"]
[EventRounds "9"]
[EventCountry "POL"]
[SourceTitle "EXT 2014"]
[Source "ChessBase"]
[SourceDate "2013.11.20"]
[SourceVersion "1"]
[SourceVersionDate "2013.11.20"]
[SourceQuality "1"]

1. e4 c5 2. Nf3 e6 3. d4 cxd4 4. Nxd4 Nc6 5. Be3 Qc7 6. Nc3 a6 7. Be2 Nf6 8. 0-0 Be7 9. f4 d6 10. f5 Nxd4 11. Bxd4 e5 12. Be3 0-0 13. Qe1 Qc6 14. Bf3 g6 15. Kh1 Kh8 16. Bg5 gxf5 17. exf5 Qd7 18. Qh4 Ng8 19. f6 Bd8 20. Be4 h6 21. Bxh6 Qg4 22. Bg7# 1-0

[Event "POL-chT U19 2nd League"]
[Site "Chelm Lubelski"]
[Date "2010.07.12"]
[Round "8"]
[White "Mielczarek, Joanna"]
[Black "Kubicka, Anna"]
[Result "0-1"]
[WhiteElo "1390"]
[BlackElo "1617"]
[PlyCount "54"]
[EventDate "2010.07.06"]
[EventType "team-tourn"]
[EventRounds "11"]
[EventCountry "POL"]
[SourceTitle "EXT 2011"]
[Source "ChessBase"]
[SourceDate "2010.11.26"]
[SourceVersion "1"]
[SourceVersionDate "2010.11.26"]
[SourceQuality "1"]
[WhiteTeam "Czestochowa UKS Hetman U19"]
[BlackTeam "Gliwice Carbo U19"]
[WhiteTeamCountry "POL"]
[BlackTeamCountry "POL"]

1. e4 c6 2. d4 d5 3. exd5 cxd5 4. Bd3 Nc6 5. c3 Nf6 6. Bf4 Bg4 7. Qb3 Qd7 8. Nd2 e6 9. Ngf3 Bxf3 10. Nxf3 Bd6 11. Ne5 Qc7 12. Bb5 0-0 13. Bxc6 bxc6 14. Qa4 Nh5 15. Be3 Bxe5 16. dxe5 Qxe5 17. Qxc6 Rab8 18. Rb1 Qe4 19. 0-0 Nf4 20. Bxf4 Qxf4 21. Rfd1 Rfc8 22. Qa6 Qc7 23. Rd4 Rb6 24. Qa5 Rxb2 25. Qa4 Rxb1+ 26. Rd1 Rxd1+ 27. Qxd1 Qxc3 0-1

[Event "POL-chT U19 2nd League"]
[Site "Chelm Lubelski"]
[Date "2010.07.07"]
[Round "3"]
[White "Mielczarek, Joanna"]
[Black "Gazikova, Veronika"]
[Result "0-1"]
[WhiteElo "1390"]
[BlackElo "1808"]
[PlyCount "86"]
[EventDate "2010.07.06"]
[EventType "team-tourn"]
[EventRounds "11"]
[EventCountry "POL"]
[SourceTitle "EXT 2011"]
[Source "ChessBase"]
[SourceDate "2010.11.26"]
[SourceVersion "1"]
[SourceVersionDate "2010.11.26"]
[SourceQuality "1"]
[WhiteTeam "Czestochowa UKS Hetman U19"]
[BlackTeam "Raciborz KSz Silesia U19"]
[WhiteTeamCountry "POL"]
[BlackTeamCountry "POL"]

1. e4 c5 2. c4 Nc6 3. Nc3 g6 4. g3 Bg7 5. Bg2 e6 6. Nge2 Nge7 7. 0-0 b6 8. d3 Bb7 9. Be3 0-0 10. d4 d6 11. d5 Ne5 12. dxe6 fxe6 13. b3 Kh8 14. h3 Nf3+ 15. Bxf3 Rxf3 16. Nf4 Rxe3 17. fxe3 Bxc3 18. Rc1 Be5 19. Nxe6 Qd7 20. Rf8+ Rxf8 21. Nxf8 Qxh3 22. Qf3 Qxg3+ 23. Qxg3 Bxg3 24. Kg2 Be5 25. Kf3 Bc8 26. Rh1 h5 27. Rf1 Kg8 28. Nxg6 Nxg6 29. Rg1 Bg4+ 30. Kf2 Nh4 31. Rh1 Nf3 32. Ke2 h4 33. Kf2 h3 34. Rxh3 Bxh3 35. Kxf3 Kf7 36. Ke2 Bg4+ 37. Kd3 Ke6 38. Kd2 Bg3 39. Kc2 Ke5 40. Kb2 Kxe4 41. Ka3 Kxe3 42. Ka4 a6 43. a3 Bd7# 0-1